| 000 | 00410nam a2200157 a 4500 | ||
|---|---|---|---|
| 005 | 20140310183321.0 | ||
| 008 | 030627s19uu xx 00 eng d | ||
| 020 | _a0804112959 | ||
| 050 |
_aPZ 7 _b.F911 1997 |
||
| 100 | _aFriedman, Philip | ||
| 245 |
_aGrand jury / _cPhilip Friedman. |
||
| 260 |
_aNew York : _bBallantine Books, _c1997. |
||
| 300 |
_a693 p. : _c18 cm. |
||
| 942 |
_cBK _2lcc |
||
| 999 |
_c21407 _d21407 |
||